| 000 | 00539cam a2200229ua 4500 | ||
|---|---|---|---|
| 020 | _c3.50 | ||
| 041 |
_aeng _h |
||
| 082 |
_a516.05 _bLON/PL |
||
| 100 | _aLoney, S.L. . | ||
| 245 |
_aPlane trigonometry / _cS.L.Loney. _hTextual Documents |
||
| 250 |
_a / _b. |
||
| 260 |
_aLondon : _bMacMillan and Company Limited , _c1963. |
||
| 300 | _a327 ; . | ||
| 365 | _a3.50 | ||
| 504 | _a | ||
| 942 | _cBK | ||
| 999 |
_c2990 _d2990 |
||